Summary of the diamond resource potential and production capacity assessment of Guinea /

Bibliographic Details
Main Authors: Chirico, Pete (Author), Malpeli, Katherine C. (Author)
Corporate Author: United States. Department of State
Format: Government Document eBook
Language:English
Published: Reston, VA : U.S. Department of the Interior, U.S. Geological Survey, 2012.
Series:Fact sheet (Geological Survey (U.S.)) ; 2012-3129.
Subjects:
Online Access:https://purl.fdlp.gov/GPO/gpo34160

MARC

Tag First Indicator Second Indicator Subfields
LEADER 00000cam a2200000 i 4500
001 in00002828113
005 20211120170917.0
006 m o d f
007 cr cn|||||||||
008 130219s2012 vaua ob f000 0 eng c
035 |a (OCoLC)ocn828009998 
040 |a GPO  |b eng  |e rda  |c GPO  |d GPO  |d MvI  |d UtOrBLW 
042 |a pcc 
043 |a f-gv--- 
049 |a WWW 
074 |a 0621-L (online) 
086 0 |a I 19.127:2012-3129 
100 1 |a Chirico, Pete,  |e author. 
245 1 0 |a Summary of the diamond resource potential and production capacity assessment of Guinea /  |c [Peter G. Chirico and Katherine C. Malpeli] ; prepared under the auspices of the U.S. Department of State. 
264 1 |a Reston, VA :  |b U.S. Department of the Interior, U.S. Geological Survey,  |c 2012. 
300 |a 1 online resource (2 pages) :  |b color illustrations. 
336 |a text  |b txt  |2 rdacontent 
337 |a computer  |b c  |2 rdamedia 
338 |a online resource  |b cr  |2 rdacarrier 
490 1 |a Fact sheet ;  |v 2012-3129 
500 |a Title from title screen (viewed on Feb. 19, 2013). 
500 |a "November 2012." 
504 |a Includes bibliographical references (page [2]). 
650 0 |a Diamond mines and mining  |z Guinea. 
700 1 |a Malpeli, Katherine C.,  |e author. 
710 2 |a Geological Survey (U.S.),  |e issuing body. 
710 1 |a United States.  |b Department of State. 
776 0 8 |i Print version:  |a Chirico, Pete.  |t Summary of the diamond resource potential and production capacity assessment of Guinea  |w (OCoLC)820020430 
830 0 |a Fact sheet (Geological Survey (U.S.)) ;  |v 2012-3129. 
856 4 0 |u https://purl.fdlp.gov/GPO/gpo34160  |t 0 
999 |a MARS 
999 f f |s 7f792a63-d02e-3fc6-bed2-0730b30d9e9b  |i 360a98a6-97ed-3fd1-a047-7c1f711c4087  |t 0 
952 f f |a Texas A&M University  |b College Station  |c Electronic Resources  |d Available Online  |t 0  |e I 19.127:2012-3129  |h Superintendent of Documents classification 
998 f f |a I 19.127:2012-3129  |t 0  |l Available Online